Direito contratual contemporãneo: a liberdade contratual e sua fragmentação

Zapisane w:
Opis bibliograficzny
1. autor: Sousa Zanetti, Cristiano de (Autor)
Format: Książka
Język:portugalski
Wydane: Sao Paulo Método 2008
Wydanie:1a. ed
Seria:Coleção Professor Rubens Limongi Françã, 5
Hasła przedmiotowe:
Etykiety: Dodaj etykietę
Nie ma etykietki, Dołącz pierwszą etykiete!

MARC

LEADER 00000cam a2200000 a 4500
001 UCD0004
003 CL-VaPUC
008 151112e20080000bl |||||||||||||||||por|d
020 |a 9788530927851 
082 0 4 |a 346.8102  |b SOU  |2 21 
100 0 |a Sousa Zanetti, Cristiano de  |e author  |9 583003 
245 1 0 |a Direito contratual contemporãneo: a liberdade contratual e sua fragmentação 
250 |a 1a. ed 
300 |a 301 p 
942 |c BK 
945 |d 20151112 20:22:00  |a arojas 
260 |a Sao Paulo  |b Método  |c 2008 
650 0 |a Derecho contractual  |9 373875 
650 0 |a Contratos  |9 255153 
650 7 |a LIBERTAD CONTRACTUAL  |2 CL-VaPUC  |9 432140 
651 0 |a Brasil  |9 267393 
583 |a last modification  |c 20151112 20:22:00  |k Rodrigo Vera 
490 0 |a Coleção Professor Rubens Limongi Françã, 5 
999 |c 361637  |d 361635 
952 |0 0  |1 0  |3 erb  |4 0  |6 346_810200000000000_SOU_2008  |7 0  |8 A  |9 472241  |a BIBDER  |b BIBDER  |i 5248795  |o 346.8102 SOU 2008  |p 5248795  |r 2023-01-25  |w 2019-11-24  |y BK  |z Catalogado en:20151112  |k DER 
952 |0 0  |1 0  |3 erb  |4 0  |6 346_810200000000000_SOU_2008  |7 0  |8 A  |9 472242  |a BIBDER  |b BIBDER  |i 5248809  |o 346.8102 SOU 2008  |p 5248809  |r 2023-01-25  |w 2019-11-24  |y BK  |z Catalogado en:20151112  |k DER